000 01097nam a22002297a 4500
005 20120216122340.0
010 _aB-453836-838
020 _a9780140255720
_c425.00
035 _aB-453836-838
037 _bR.B.C/VEN
082 _a881
100 _aSeth,Vikram
_942829
245 _aThe collected poems /
_cby Vikram Seth
260 _aNew Delhi
_bPenguin Books
_c1999
270 _a11, Community Center,Panchsheel Park,
_bNew Delhi
_e110017
300 _axxxii,428p
_c22cm(pbk)
942 _2ddc
_cEN
_mSET
_h881
999 _c63152
_d63152